000 00481nam a22001697a 4500
005 20250308184857.0
008 250308b |||||||| |||| 00| 0 eng d
020 _a0314098747
050 _aKF1414
_b.3.H35
100 _aHamilton, Robert W.
245 _aThe Law of Corporation in a Nutshell
_cHamilton, Robert W.
250 _a4th ed.
260 _aSt. Paul Minn ;
_bWest Publishing Co. ;
_cc1996
300 _axxiii, 624 p. ;
500 _aIncludes index
942 _2lcc
_cBK
_n0
999 _c4620
_d4620